| 000 | 00618nam a2200229 a 4500 | ||
|---|---|---|---|
| 005 | 20140310183229.0 | ||
| 008 | 040301s19uu xx 00 eng d | ||
| 020 | _a9814119695 | ||
| 050 |
_aQA 76.76.O63 _b.T359 2002 |
||
| 100 | _aTanenbaum, Andrew S. | ||
| 245 |
_aModern Operating Systems / _cAndrew S. Tanenbaum. |
||
| 250 | _a2nd ed. | ||
| 260 |
_aNew Jersey : _bPrentice Hall; Pearson Education, _c2002. |
||
| 300 |
_axxiv, 951p.: _bill. ; _c24cm. |
||
| 521 | _aIT | ||
| 546 | _aC8451 | ||
| 546 | _aC8453 | ||
| 546 | _aC8452 | ||
| 546 | _aC4425 | ||
| 650 | _aOperating systems | ||
| 942 |
_cBK _2lcc _kFOR |
||
| 999 |
_c20461 _d20461 |
||